000 00620nam a22001937a 4500
999 _c6923
_d6923
003 AR-CdUCM
008 190319b ||||| |||| 00| 0 spa d
040 _aMUNICIPALIDAD PROVINCIAL DEL CUSCO
_cBIBLIOTECA MUNICIPAL DEL CUSCO
082 _a869.56 /
_bC95
245 _aCuentos, leyendas, teatro /
260 _aArequipa :
_bLibrerias el escritorio,
_c1958.
300 _a91 páginas ;
_c17 cm.
500 _aDonación familia Nieto
650 _aCuentos infantiles
_93927
650 _aTeatro infantil peruano.
_914660
700 _aMacedo Arguedas, Alfredo (compilador)
_919509
942 _2ddc
_cLIBROS
945 _aafb